Największe miasta Królestwa Polskiego (ok. 1830r.) - Statystyki

Ogólne statystyki
  • Ten quiz został rozwiązany 55 razy
  • Średni wynik to 7 z 15
Statystyki odpowiedzi
Liczba ludności Miasto % Poprawnych
139900 Warszawa
100%
4343 Łódź
83%
13894 Lublin
77%
9000 Płock
77%
4300 Kielce
65%
6800 Zamość
52%
9500 Częstochowa
50%
10670 Kalisz
44%
7500 Piotrków Trybunalski
35%
4000 Włocławek
31%
4050 Konin
29%
4500 Sandomierz
29%
4400 Kutno
19%
6600 Łowicz
15%
4408 Pułtusk
12%
Nie znaleziono quizów pasujących do podanych kryteriów
Rozkład punktacji
Procent ludzi z każdym wynikiem
Percentyl według liczby udzielonych odpowiedzi
Twoja historia wyników
Nie rozwiązałeś tego quizu